| 000 | 00954nas a2200301 4500 | ||
|---|---|---|---|
| 001 | BR9207000 | ||
| 003 | BR-BrBNA | ||
| 005 | 20231205100444.0 | ||
| 007 | ta | ||
| 008 | 230509b bl.|||p| |||| 00| 00por d | ||
| 040 |
_aBR-BrBNA _bpor _cBiblioteca Nacional de Agricultura |
||
| 041 | _a(Pt) | ||
| 072 | _aH10 | ||
| 100 | 1 | _aArashiro, F.Y. | |
| 100 | 1 | _aSilva, J.M. | |
| 100 | 1 | _aSugahara, C.A. | |
| 100 | 1 | _aMotta, R. | |
| 100 | 1 | _aRaizer, A.J. | |
| 100 | 1 | _aMariconi, F.A.M. | |
| 245 | 1 | _aTrabalho experimental de combate ao acaro rajado (Tetranychus urticae Koch, 1836 com formulacoes aplicadas por "Electrodyn" | |
| 650 | _aAcaro Rajado | ||
| 650 | _aPraga de Planta | ||
| 650 | _aControle Quimico | ||
| 650 | _aDefensivo | ||
| 773 | 0 |
_tAnais da Escola Superior de Agricultura Luiz de Queiroz (Brazil) _xISSN 0071-1276 _g(1987), v. 44(2) p. 1409-1418 _wBR9207000 |
|
| 909 |
_a202311 _bLúcia _c55 _dLúcia Elande |
||
| 942 |
_2AGRIS _n0 _cANA |
||
| 999 |
_c156126 _d156126 |
||